书目信息

书名: 基础标准实用手册 
作者:
出版信息:   四川省标协机械专业委员会等编印会  1987.06
开本页数: 13cm  154页
丛书名:
单 册:
中图分类: D
科图分类:
主题词: 政治
电子资源:
ISBN:
000 00412nam0 2200157 45
001 0198147653
005 20060309164829.04
100    @a19980219d1987 km y0chiy0120 ea
101 @achi
200 @AJI CHU BIAO ZHUN SHI YONG SHOU CE@a基础标准实用手册
210    @c四川省标协机械专业委员会等编印会@d1987.06
215    @a154页@c无图表@d13cm
606 @a政治
690    @aD@v3
801 @c20060309
905    @a10447@dD@e1006
    
    基础标准实用手册.-四川省标协机械专业委员会等编印会,1987.06
    154页:无图表;13cm
    
    
    ISBN :
    
相关链接 在五车中查询图书 在当当中查询图书 在豆瓣中查询图书


正题名:基础标准实用手册     索取号:D/1006         预约/预借

序号 登录号 条形码 馆藏地/架位号 状态 备注
1 111679   201116791   海科密-1楼/11架3列1层/ [索取号:D/1006] 在馆